Les Conifères de la Forêt Lorraine (Nom vernaculaire) - Statistiques

Statistiques générales
  • Ce quiz a été pris 17 fois
  • Le résultat moyen est 8 sur 16
Statistiques - réponses
Par images Réponse % Correct
Pin
100%
Sapin
90%
If
80%
Épicéa
70%
Genevrier
70%
Thuya
70%
Araucaria
60%
Cèdre
60%
Mélèze
60%
Sapin de Douglas
50%
Cyprès
30%
Faux cyprès
20%
Pruche
20%
Séquoia à feuilles d'if
20%
Séquoia géant
20%
Cèdres à encens
10%
Aucun quiz correspondant
Distribution des résultats
% des personnes avec chaque résultat
Percentile par nombre de réponses
Votre historique - résultats
Vous n’avez pas pris ce quiz